00537 2200193 4500245008200000020002200082250001100104100002000115700001800135700001700153650002600170650001000196005001900206260006500225041001400290084001200304300001800316336000900334 aMenyusuri Tempat Tinggal Srikandi Aceh Cut Nyak MeutiacSyamsiah IsmailhText a978-602-437-528-7 aCet. 1 asyamsiah ismail aWenny Oktavia aAzhar Hiesel aCerita Anak Indonesia aEbook a20241106081348 aJakarta TimurbBadan Pengembangan dan Pembinaan Bahasac2018 aIndonesia a398.209 avi :c61 hlm. atext